Celebrity Name Chain - Statistics

General Stats
  • This quiz has been taken 98 times
  • The average score is 23 of 30
Answer Stats
Person 1 First Person 2 Last Answer % Correct
Elton (Singer) Tyler (President) John
98%
Serena (Tennis Player) Shakespeare (Writer) Williams / William
95%
Aaron (Football Player) Trump (President) Donald
92%
Michael (Basketball Player) Belfort (Stockbrocker) Jordan
91%
Katy (Singer) the Platypus (Cartoon Character) Perry
91%
Chris (Basketball) McCartney (Singer) Paul
90%
Meg (Actress) Reynolds (Actor) Ryan
89%
Dave (Comedian) Roan (Pop Singer) Chappell
87%
Kendrick (Rapper) Odom (Basketball Player) Lamar
87%
Stan (Comic Book Writer) Harvey Oswald (Assassinator) Lee
87%
Little (Singer) Nixon (President) Richard
85%
Larry (Comedian) Beckham (Soccer Player) David
84%
Patrick (Founding Father) Cavill (Actor) Henry
84%
Lorne (Comedy Writer) Buble (Singer) Michael
84%
Bruce (Batman) Gretzky (Hockey Player) Wayne
84%
Dave (Singer / Band) McConaughey (Actor) Matthew / Matthews
83%
Jack (Actor) Cage (Actor) Nicholas
83%
Jamaal (Football Player) Dickens (Writer) Charles
78%
Bob (Folk Singer) Sprouse (Actor) Dylan
73%
Missy (Rapper) Smith (Singer) Elliot
70%
John (Soccer Player) Crews (Actor) Terry
70%
Darren (Actor) Evans (Actor) Chris
68%
Travis (Rapper) Mescudi (Rapper) Scott
67%
Steven (Singer) Durden (Fight Club Character) Tyler
59%
Carmelo (Basketball Player) Mackie (Actor) Anthony
57%
Jennifer (Actor) Taylor (Football Player) Lawrence
57%
Ricky (Singer) Lawrence (Actor) Martin
57%
Johnny (Late Night Host) Wentz (Football Player) Carson
54%
Paul (Basketball Player) Michael (Singer) George
46%
Jose (Chef) Galarraga (Baseball Player) Andres
18%
No matching quizzes found
Score Distribution
Percent of People with Each Score
Percentile by Number Answered
Your Score History
You have not taken this quiz